000 00475nam a2200145Ia 4500
008 100122s9999 xx 000 0 und d
082 _b53550
_a910.4
100 _aघाणेकर प्र के
245 _aकोकणातील पर्यटन
260 _bस्नेहल प्रकाशन
_c1997
300 _a223
630 _aकोकणातील पर्यटन
730 _aकोकणातील पर्यटन
942 _cBOOK
999 _c430557
_d430554